Management : Theory and practice
| Main Author: | |
|---|---|
| Format: | Book |
| Published: |
Tokyo :
Mc. Graw Hill ,
1978
|
| Edition: | 4th. edition |
| Series: | Mc Graw-Hill series in management
|
| Subjects: |
MARC
| LEADER | 00000cam a2200000 7i4500 | ||
|---|---|---|---|
| 001 | 0000001750 | ||
| 005 | 20021119.0 | ||
| 020 | |a 0070151881 | ||
| 040 | |a INS | ||
| 090 | 0 | 0 | |a HD31. |b D17 1978 |
| 100 | 1 | |a Dale, Ernest | |
| 245 | 1 | 0 | |a Management : |b Theory and practice |c Ernest Dale |
| 250 | |a 4th. edition | ||
| 260 | |a Tokyo : |b Mc. Graw Hill , |c 1978 | ||
| 300 | |a xii, 656p. : |b ill.charts ; |c 21 cm. | ||
| 440 | 0 | |a Mc Graw-Hill series in management | |
| 500 | |a Includes index p. 647 - 656 | ||
| 650 | 0 | 0 | |a Industrial management |
| 999 | |a 0000000912 |b BOOK |c Open Shelf |e Default branch | ||